| 000 | 01034nam a22002057a 4500 | ||
|---|---|---|---|
| 008 | 241220e20241217xxk|||||o|||| 00| 0 eng d | ||
| 041 | _aeng | ||
| 110 | _aRoyal Institution of Chartered Surveyors | ||
| 245 |
_aRICS Practice Alert - trainees, candidates and students (global) _h[Email update] |
||
| 260 |
_aLondon, _bRoyal Institution of Chartered Surveyors, _c17 December 2024 |
||
| 300 | _aemail | ||
| 490 | _aRICS Practice Alert | ||
| 520 | _aPractice Alert to all RICS members globally for special attention of all candidates, trainees and students enrolled as a member of the Attached Class with RICS. The purpose is to remind candidates, trainees and students how to correctly use RICS designations, logos and trademarks. | ||
| 650 | _aRICS | ||
| 651 | _aInternational | ||
| 690 |
_aRICS _96277 |
||
| 710 | _aRoyal Institution of Chartered Surveyors | ||
| 856 |
_uhttps://www.rics.org/content/dam/ricsglobal/documents/regulation/RICS-Practice-Alert-December-2024.pdf _zView the online Practice Update |
||
| 942 | _n0 | ||
| 999 |
_c122073 _d122073 |
||